[Event "GER-chT U20"]
[Site "Kelbra"]
[Date "2006.12.30"]
[Round "7.4"]
[White "Witte, Stefan"]
[Black "Simonow, Andrej"]
[Result "1/2-1/2"]
[WhiteElo "1914"]
[BlackElo "1870"]
[PlyCount "91"]
[EventDate "2006.12.27"]
[EventType "team-swiss"]
[EventRounds "7"]
[EventCountry "GER"]
[SourceTitle "EXT 2008"]
[Source "ChessBase"]
[SourceDate "2007.11.25"]
[SourceVersion "1"]
[SourceVersionDate "2007.11.25"]
[SourceQuality "1"]
[WhiteTeam "Heilbronn U20"]
[BlackTeam "Biebertal U20"]
[WhiteTeamCountry "GER"]
[BlackTeamCountry "GER"]

1. e4 e6 2. d3 d5 3. Qe2 Nf6 4. e5 Nfd7 5. f4 c5 6. Nf3 Nc6 7. c3 b5 8. g3 Bb7 9. Bh3 d4 10. 0-0 Qc7 11. Nbd2 Be7 12. Ne4 h6 13. Bd2 dxc3 14. Nxc3 a6 15. Rae1 g6 16. Ne4 Nb6 17. Bc3 Rg8 18. Nf6+ Bxf6 19. exf6 0-0-0 20. Be5 Nxe5 21. Nxe5 Kb8 22. Nxf7 Qxf7 23. Bxe6 Qxf6 24. Bxg8 Rxg8 25. Qe5+ Qxe5 26. fxe5 Re8 27. e6 Nd5 28. Rf7 Re7 29. Re4 Re8 30. Rh7 Nf6 31. Rf7 Nd5 32. Rg7 g5 33. Rg6 Nb4 34. Rxh6 Nxd3 35. Re2 Re7 36. Rd2 c4 37. b3 Bd5 38. bxc4 bxc4 39. h4 gxh4 40. gxh4 Rxe6 41. Rxe6 Bxe6 42. Kf1 Kc7 43. Ke2 Kc6 44. Ke3 Kc5 45. Rxd3 cxd3 46. Kxd3 1/2-1/2

[Event "GER-chT U20"]
[Site "Kelbra"]
[Date "2006.12.27"]
[Round "1.4"]
[White "Guenther, Christian1"]
[Black "Simonow, Andrej"]
[Result "1-0"]
[WhiteElo "2031"]
[BlackElo "1870"]
[PlyCount "95"]
[EventDate "2006.12.27"]
[EventType "team-swiss"]
[EventRounds "7"]
[EventCountry "GER"]
[SourceTitle "EXT 2008"]
[Source "ChessBase"]
[SourceDate "2007.11.25"]
[SourceVersion "1"]
[SourceVersionDate "2007.11.25"]
[SourceQuality "1"]
[WhiteTeam "Sangerhausen U20"]
[BlackTeam "Biebertal U20"]
[WhiteTeamCountry "GER"]
[BlackTeamCountry "GER"]

1. d4 Nf6 2. c4 e6 3. Nc3 Bb4 4. e3 c5 5. Bd3 Nc6 6. Nge2 d5 7. a3 Bxc3+ 8. bxc3 b6 9. cxd5 exd5 10. Rb1 Qc7 11. 0-0 0-0 12. f3 Re8 13. Ng3 cxd4 14. cxd4 Bb7 15. Bc2 Rad8 16. Qd3 g6 17. Bb2 Qc8 18. Rfc1 Ba6 19. Qd2 Qd7 20. Ba4 b5 21. Bc2 h5 22. Bd3 h4 23. Nf1 Rb8 24. Ba1 Rb6 25. Rc5 Reb8 26. Qe2 Nd8 27. Nd2 Ne6 28. Rc2 Qd6 29. Nb3 b4 30. a4 Bxd3 31. Qxd3 Qd7 32. Nc5 Qe7 33. a5 Rb5 34. a6 Ne8 35. e4 Nxc5 36. dxc5 b3 37. Qd4 f6 38. Qxd5+ Kg7 39. Rd2 Qxc5+ 40. Qxc5 Rxc5 41. Rd7+ Kh6 42. Bd4 Rc7 43. Rxc7 Nxc7 44. Bxa7 Rb5 45. Be3+ g5 46. a7 Kg6 47. Kf2 f5 48. Ke2 1-0